[Event "Intermat"]
[Site "Vancouver CAN"]
[Date "2018.05.05"]
[Round "2.25"]
[White "Liu, Nathan"]
[Black "Li, James"]
[Result "0-1"]
[WhiteElo "1841"]
[BlackElo "2003"]
[PlyCount "108"]
[EventDate "2018.05.05"]
[EventType "team"]
[EventRounds "2"]
[EventCountry "CAN"]

1. d4 Nf6 2. c4 g6 3. Nc3 Bg7 4. Nf3 O-O 5. e3 d6 6. Be2 Nbd7 7. O-O e5 8. dxe5
dxe5 9. Qc2 c6 10. b3 Qc7 11. Bb2 Re8 12. Rfd1 a5 13. Rac1 Nc5 14. e4 Bg4 15.
h3 Bxf3 16. Bxf3 Rad8 17. Ba3 Bf8 18. Bxc5 Bxc5 19. Na4 Bd4 20. Nb2 Nd7 21. Nd3
c5 22. Ne1 Nf8 23. Qe2 h5 24. Nc2 Ne6 25. g3 Kg7 26. Ne3 Bxe3 27. Qxe3 Nd4 28.
Be2 Qe7 29. Bd3 h4 30. Kg2 Rh8 31. g4 Ne6 32. Bc2 Rxd1 33. Rxd1 Rd8 34. f3 Rxd1
35. Bxd1 Qd6 36. Bc2 Qd4 37. Qxd4 Nxd4 38. Bd3 Kf6 39. Kf2 Kg5 40. Bb1 Kf4 41.
Bd3 Nxf3 42. Bb1 Ng5 43. Kg2 Nxe4 44. Bd3 Ke3 45. Bb1 Nc3 46. Bc2 Kd2 47. Bxg6
fxg6 48. Kf3 g5 49. a3 e4+ 50. Kg2 e3 51. b4 e2 52. b5 e1=Q 53. b6 Ne4 54. Kf3
Qe2# 0-1

[Event "Intermat"]
[Site "Vancouver CAN"]
[Date "2018.05.05"]
[Round "2.26"]
[White "Taylor, Thomas"]
[Black "Zhu, Brandon"]
[Result "0-1"]
[WhiteElo "1909"]
[BlackElo "2053"]
[PlyCount "66"]
[EventDate "2018.05.05"]
[EventType "team"]
[EventRounds "2"]
[EventCountry "CAN"]

1. c4 g6 2. g3 f5 3. Bg2 Nf6 4. Nc3 Bg7 5. d3 d6 6. Nf3 O-O 7. O-O e5 8. Rb1 h6
9. b4 Qe8 10. e4 f4 11. Nd5 Nxd5 12. cxd5 g5 13. h3 g4 14. hxg4 Bxg4 15. Qc2
Qh5 16. Nh2 f3 17. Bh1 Rf7 18. Re1 Na6 19. Be3 Qg6 20. Rec1 Raf8 21. Rb2 Bh3
22. Qd1 Bg4 23. a3 h5 24. Rcc2 Bh6 25. Qe1 Bh3 26. Nxf3 Rxf3 27. Bxf3 Rxf3 28.
Re2 Bf4 29. Kh2 Bd7 30. Qg1 h4 31. Qg2 hxg3+ 32. fxg3 Qh6+ 33. Kg1 Bxe3+ 0-1

[Event "Ivy League Chess Challenge"]
[Site "Toronto CAN"]
[Date "2018.11.09"]
[Round "1"]
[White "Balleisen, Aaron"]
[Black "Heimann, Mark"]
[Result "0-1"]
[WhiteElo "2191"]
[BlackElo "2368"]
[PlyCount "96"]
[EventDate "2018.11.09"]
[EventType "team"]
[EventRounds "5"]
[EventCountry "CAN"]
[WhiteTeam "Princeton"]
[BlackTeam "Michigan"]

1. d4 d5 2. c4 Nf6 3. cxd5 Nxd5 4. e4 Nf6 5. Nc3 e5 6. d5 c6 7. Nf3 Bb4 8. Qb3
Bxc3+ 9. Qxc3 O-O 10. Bg5 Nxe4 11. Bxd8 Nxc3 12. dxc6 Nxc6 13. Bh4 Nd5 14. Bb5
e4 15. Bxc6 bxc6 16. Ne5 Ba6 17. Rc1 Nf4 18. Bg3 Nxg2+ 19. Kd2 e3+ 20. fxe3
Rfd8+ 21. Kc3 Nxe3 22. Nxc6 Rd3+ 23. Kb4 Nf5 24. Rhd1 Nxg3 25. Rxd3 Bxd3 26.
hxg3 h5 27. Rc5 g6 28. a4 Be4 29. Ka5 Kg7 30. b4 a6 31. Kb6 Rc8 32. Kb7 Rxc6
33. Rxc6 g5 34. b5 axb5 35. axb5 h4 36. gxh4 gxh4 37. Ka7 h3 38. Rc4 h2 39.
Rxe4 h1=Q 40. Rg4+ Kf6 41. b6 Qa1+ 42. Kb7 Ke6 43. Rc4 f5 44. Rc6+ Kd5 45. Rc7
f4 46. Kc8 Qa8+ 47. Kd7 Qb8 48. b7 f3 0-1

[Event "Ivy League Chess Challenge"]
[Site "Toronto CAN"]
[Date "2018.11.09"]
[Round "1"]
[White "Bora, Safal"]
[Black "Li, Ethan"]
[Result "1-0"]
[WhiteElo "2392"]
[BlackElo "2248"]
[PlyCount "119"]
[EventDate "2018.11.09"]
[EventType "team"]
[EventRounds "5"]
[EventCountry "CAN"]
[WhiteTeam "Michigan"]
[BlackTeam "Princeton"]

1. Nf3 d5 2. g3 Bg4 3. Bg2 Nf6 4. O-O c6 5. d4 Nbd7 6. Nbd2 e6 7. Re1 Be7 8. e4
dxe4 9. Nxe4 Nxe4 10. Rxe4 Bxf3 11. Bxf3 Bg5 12. c3 Bxc1 13. Rxc1 O-O 14. Kg2
Qc7 15. Qe2 Rfe8 16. Re1 Re7 17. Re3 Rae8 18. d5 cxd5 19. Bxd5 Nb6 20. Bb3 Qc6+
21. Qf3 Qxf3+ 22. Kxf3 Rd7 23. a4 Red8 24. a5 Nc8 25. Ba4 Rd6 26. Rc1 Ne7 27.
Ree1 Rd3+ 28. Kg2 h5 29. Red1 Rd2 30. Kf1 g5 31. h4 gxh4 32. gxh4 R8d5 33. Rxd2
Rxd2 34. Bc2 e5 35. Ke1 Rd5 36. b4 Nc6 37. Be4 Rd7 38. c4 Nd4 39. c5 Kg7 40.
Rd1 Rc7 41. f4 Nc6 42. Bxc6 bxc6 43. fxe5 Re7 44. Rd6 Rxe5+ 45. Kd2 Re4 46. Kc3
Rxh4 47. Rxc6 Rh1 48. Rd6 h4 49. Rd2 h3 50. Rc2 Rg1 51. Rh2 Rg3+ 52. Kc4 Kf8
53. b5 Ke7 54. b6 axb6 55. cxb6 Kd7 56. Kb5 Kc8 57. Re2 Rg8 58. a6 Rh8 59. a7
Kd7 60. b7 1-0

[Event "Ivy League Chess Challenge"]
[Site "Toronto CAN"]
[Date "2018.11.09"]
[Round "1"]
[White "Chandran, Kapil"]
[Black "Shetty, Atulya"]
[Result "1/2-1/2"]
[WhiteElo "2393"]
[BlackElo "2395"]
[PlyCount "54"]
[EventDate "2018.11.09"]
[EventType "team"]
[EventRounds "5"]
[EventCountry "CAN"]
[WhiteTeam "Princeton"]
[BlackTeam "Michigan"]

1. d4 d5 2. c4 c6 3. Nf3 Nf6 4. Nc3 a6 5. e3 g6 6. Bd3 Bg7 7. O-O O-O 8. Qe2
Bg4 9. h3 Bxf3 10. Qxf3 e6 11. Rd1 Nbd7 12. e4 e5 13. Be3 Nh5 14. Bf1 dxe4 15.
Nxe4 f5 16. dxe5 Nxe5 17. Qe2 Qh4 18. Nd6 f4 19. Bd4 f3 20. Qe3 fxg2 21. Bxg2
Nf4 22. Bxe5 Nxg2 23. Kxg2 Bxe5 24. Qxe5 Qxf2+ 25. Kh1 Qf3+ 26. Kg1 Qf2+ 27.
Kh1 Qf3+ 1/2-1/2

[Event "Ivy League Chess Challenge"]
[Site "Toronto CAN"]
[Date "2018.11.09"]
[Round "1"]
[White "Fabbri, Alexander R"]
[Black "Zhou, Qiyu"]
[Result "0-1"]
[WhiteElo "2067"]
[BlackElo "2207"]
[PlyCount "112"]
[EventDate "2018.11.09"]
[EventType "team"]
[EventRounds "5"]
[EventCountry "CAN"]
[WhiteTeam "Yale"]
[BlackTeam "Toronto-B"]

1. d4 Nf6 2. c4 e6 3. Nf3 b6 4. g3 Ba6 5. b3 Bb4+ 6. Bd2 Be7 7. Bg2 c6 8. O-O
d5 9. Bc3 Nbd7 10. Nbd2 O-O 11. Re1 Rc8 12. e4 dxe4 13. Nxe4 Nxe4 14. Rxe4 Nf6
15. Re1 c5 16. Ne5 cxd4 17. Bxd4 Qd6 18. Ng4 Rfd8 19. Nxf6+ Bxf6 20. Bxf6 Qxd1
21. Rexd1 gxf6 22. a4 Kf8 23. Kf1 Ke7 24. Ke2 f5 25. Rd3 Rxd3 26. Kxd3 Rc7 27.
Kc3 Bc8 28. a5 e5 29. axb6 axb6 30. Ra8 b5 31. Bd5 Be6 32. Bxe6 fxe6 33. Ra6
Kf6 34. Rb6 bxc4 35. bxc4 e4 36. Rd6 Ke7 37. Rd2 e5 38. Kb4 Ke6 39. c5 f4 40.
Kc4 Kf5 41. Rc2 Rc8 42. Kd5 Rd8+ 43. Kc4 e3 44. c6 Ke4 45. fxe3 fxe3 46. Kb5
Kd3 47. Rc5 e4 48. c7 Rc8 49. Rd5+ Kc3 50. Rc5+ Kd4 51. Kb6 e2 52. Rc1 Ke3 53.
Ra1 Kf2 54. Kb7 Rxc7+ 55. Kxc7 e1=Q 56. Rxe1 Kxe1 0-1

[Event "Ivy League Chess Challenge"]
[Site "Toronto CAN"]
[Date "2018.11.09"]
[Round "1"]
[White "Gusev, Nikita"]
[Black "Larson, Matthew"]
[Result "1/2-1/2"]
[WhiteElo "2253"]
[BlackElo "2408"]
[PlyCount "108"]
[EventDate "2018.11.09"]
[EventType "team"]
[EventRounds "5"]
[EventCountry "CAN"]
[WhiteTeam "Toronto-B"]
[BlackTeam "Yale"]

1. Nf3 c5 2. e4 d6 3. c3 Nf6 4. Be2 Bd7 5. d3 e5 6. Nbd2 Be7 7. a4 O-O 8. Nc4
Nc6 9. O-O Be6 10. Qc2 h6 11. Bd2 Rc8 12. Rfe1 a6 13. a5 Bxc4 14. dxc4 Nxa5 15.
Nh4 Re8 16. Nf5 Bf8 17. g4 Nc6 18. g5 Nh7 19. gxh6 g6 20. Ng7 Bxg7 21. hxg7 Qh4
22. Bf1 Nf6 23. Qd3 Kxg7 24. Qg3 Rh8 25. Bg5 Qxg3+ 26. fxg3 Nh7 27. Be3 Kf6 28.
h4 Ke7 29. Bh3 Rcg8 30. b4 cxb4 31. cxb4 g5 32. b5 Nb4 33. bxa6 bxa6 34. c5 d5
35. exd5 gxh4 36. d6+ Kd8 37. c6 Rxg3+ 38. Kh2 Nxc6 39. Rxa6 Rxh3+ 40. Kxh3 Kd7
41. Rc1 Rc8 42. Rd1 Nf6 43. Rb6 Ke6 44. Rb7 Nd7 45. Rc7 Rg8 46. Bf2 Nb4 47.
Kxh4 Nd5 48. Rxd5 Kxd5 49. Rxd7 Ke6 50. Re7+ Kxd6 51. Rxf7 Ke6 52. Ra7 e4 53.
Bg3 Kd5 54. Rd7+ Kc4 1/2-1/2

[Event "Ivy League Chess Challenge"]
[Site "Toronto CAN"]
[Date "2018.11.09"]
[Round "1"]
[White "Krishnan, Varun"]
[Black "Lei, Sean"]
[Result "1/2-1/2"]
[WhiteElo "2253"]
[BlackElo "1876"]
[PlyCount "83"]
[EventDate "2018.11.09"]
[EventType "team"]
[EventRounds "5"]
[EventCountry "CAN"]
[WhiteTeam "Harvard"]
[BlackTeam "Toronto-A"]

1. e4 d6 2. d4 Nf6 3. Nc3 Nbd7 4. f4 e5 5. Nf3 exd4 6. Nxd4 g6 7. Nf3 Bg7 8.
Bc4 O-O 9. O-O Nc5 10. Qe2 Be6 11. e5 dxe5 12. fxe5 Nd5 13. Nxd5 Bxd5 14. Bg5
Bxf3 15. Qe3 Qd7 16. Rxf3 Ne6 17. Bf6 Qd4 18. Qxd4 Nxd4 19. Rd3 Nc6 20. Re1
Rfe8 21. Rde3 Nd4 22. Re4 Nxc2 23. Bxg7 Kxg7 24. Rc1 Nb4 25. Bb5 c6 26. Rxb4
cxb5 27. Rxb5 Re7 28. Rd5 Rae8 29. Rcc5 b6 30. Rb5 Re6 31. a4 R8e7 32. h3 f6
33. exf6+ Kxf6 34. Rd2 Re2 35. Rbd5 Rxd2 36. Rxd2 Re4 37. b3 Re3 38. Rd7 Rxb3
39. Rxa7 h5 40. Kf2 Kg5 41. Rb7 Rb4 42. Rb8 1/2-1/2

[Event "Ivy League Chess Challenge"]
[Site "Toronto CAN"]
[Date "2018.11.09"]
[Round "1"]
[White "Webster, Kyle"]
[Black "Martinez, Isaac"]
[Result "0-1"]
[WhiteElo "1902"]
[BlackElo "2127"]
[PlyCount "36"]
[EventDate "2018.11.09"]
[EventType "team"]
[EventRounds "5"]
[EventCountry "CAN"]
[WhiteTeam "Michigan"]
[BlackTeam "Princeton"]

1. e4 d6 2. d4 Nf6 3. Nc3 g6 4. f3 c6 5. Be3 b5 6. Qd2 Nbd7 7. d5 cxd5 8. Bxb5
dxe4 9. Bc6 Rb8 10. Bxa7 Rxb2 11. O-O-O Qc7 12. Kxb2 Qxa7 13. Qd4 Qb8+ 14. Ka3
d5 15. Ka4 e5 16. Rb1 Qd6 17. Nb5 Qxc6 18. Qa7 Qc4+ 0-1

[Event "Ivy League Chess Challenge"]
[Site "Toronto CAN"]
[Date "2018.11.09"]
[Round "1"]
[White "Xu, Haizhou"]
[Black "Vishwanathan, Ram"]
[Result "0-1"]
[WhiteElo "2116"]
[BlackElo "1893"]
[PlyCount "114"]
[EventDate "2018.11.09"]
[EventType "team"]
[EventRounds "5"]
[EventCountry "CAN"]
[WhiteTeam "Toronto-B"]
[BlackTeam "Yale"]

1. e4 c5 2. Nf3 Nc6 3. d4 cxd4 4. Nxd4 Nf6 5. Nc3 d6 6. Bg5 e6 7. Qd2 a6 8.
O-O-O Bd7 9. f4 b5 10. Bxb5 axb5 11. Ndxb5 Nb4 12. Bxf6 gxf6 13. Nxd6+ Bxd6 14.
Qxd6 Nxa2+ 15. Nxa2 Rxa2 16. Kb1 Ra7 17. b3 Qc7 18. Qd4 e5 19. Qb4 Ra8 20. Kb2
Qa5 21. Qxa5 Rxa5 22. b4 Rb5 23. Kb3 exf4 24. c4 Re5 25. Rd4 Ke7 26. Ra1 f5 27.
Ra7 Rd8 28. exf5 Re3+ 29. Kc2 Ke8 30. Rxf4 Bc6 31. f6 Be4+ 32. Kc1 Re1+ 33. Kb2
Re2+ 34. Kb3 Rd3+ 35. Ka4 Ra2+ 36. Kb5 Rxa7 37. Rxe4+ Kd8 38. c5 Kc7 39. Kc4
Rd2 40. Re7+ Rd7 41. Re8 Ra2 42. g4 Rxh2 43. Kb5 Rf2 44. g5 Rf5 45. Rg8 Rdd5
46. Rg7 Rxg5 47. Rxf7+ Rd7 48. Rf8 Rf5 49. Kc4 h5 50. b5 Rf4+ 51. Kc3 h4 52.
Kb3 h3 53. Rh8 Rxf6 54. Rxh3 Rdf7 55. Kb4 Rf3 56. b6+ Kc6 57. Rh6+ R7f6 0-1

[Event "Ivy League Chess Challenge"]
[Site "Toronto CAN"]
[Date "2018.11.09"]
[Round "1"]
[White "Yang, Darwin"]
[Black "Bellissimo, Joseph"]
[Result "1-0"]
[WhiteElo "2488"]
[BlackElo "2121"]
[PlyCount "71"]
[EventDate "2018.11.09"]
[EventType "team"]
[EventRounds "5"]
[EventCountry "CAN"]
[WhiteTeam "Harvard"]
[BlackTeam "Toronto-A"]

1. d4 Nf6 2. c4 e6 3. Nc3 Bb4 4. e3 O-O 5. Nge2 d5 6. a3 Be7 7. cxd5 exd5 8. h3
c6 9. g4 Na6 10. Bg2 Bd6 11. O-O h5 12. f3 hxg4 13. hxg4 Bb8 14. g5 Nh7 15. f4
Bg4 16. Kf2 Re8 17. Rh1 f6 18. Qc2 Nf8 19. Qb3 Qb6 20. Qxb6 axb6 21. gxf6 gxf6
22. Rg1 Kh8 23. Bxd5 Bxe2 24. Bf7 Re7 25. Ba2 Bxf4 26. Rg8+ Kh7 27. Nxe2 Bh6
28. Bd2 Rae8 29. Rh1 Ne6 30. Rxe8 Rxe8 31. Ng3 Ng5 32. Bb1+ Kg7 33. Nf5+ Kf8
34. Rxh6 Ne4+ 35. Bxe4 Rxe4 36. Rh8+ 1-0

[Event "Ivy League Chess Challenge"]
[Site "Toronto CAN"]
[Date "2018.11.09"]
[Round "2"]
[White "Balleisen, Aaron"]
[Black "Krishnan, Varun"]
[Result "1-0"]
[WhiteElo "2195"]
[BlackElo "2253"]
[PlyCount "141"]
[EventDate "2018.11.09"]
[EventType "team"]
[EventRounds "5"]
[EventCountry "CAN"]
[WhiteTeam "Princeton"]
[BlackTeam "Harvard"]

1. c4 e6 2. Nf3 Nf6 3. d4 d5 4. g3 Be7 5. Bg2 O-O 6. O-O dxc4 7. Qc2 a6 8. Qxc4
b5 9. Qc2 Bb7 10. Bd2 Be4 11. Qc1 Bb7 12. Rd1 Nbd7 13. Ba5 Nb6 14. Nbd2 Rc8 15.
b4 Bd6 16. Qb2 Qe7 17. Rac1 Na4 18. Qb1 Nd5 19. Ne4 Bxb4 20. Bxb4 Qxb4 21. Qb3
Qe7 22. Ne5 Rfd8 23. Nd3 Rb8 24. Ndc5 Nxc5 25. Nxc5 Bc8 26. a4 Nf6 27. axb5
axb5 28. Qa2 Rb6 29. Qa5 Bd7 30. Nb7 Rc8 31. Rxc7 Rxc7 32. Qxb6 Rc2 33. Bf3 Nd5
34. Qa5 Bc6 35. Nc5 Nc3 36. Bxc6 Nxd1 37. Bxb5 g6 38. Bd3 Rc3 39. Qa1 Qg5 40.
e3 Rxd3 41. Nxd3 Qg4 42. Qa7 Nc3 43. Qa8+ Kg7 44. Ne5 Qd1+ 45. Kg2 Qc2 46. Qb7
Qf5 47. Qf3 Nd5 48. e4 Qxf3+ 49. Kxf3 Ne7 50. Ke3 f6 51. Nc4 g5 52. Nb6 f5 53.
f3 g4 54. fxg4 fxe4 55. Kxe4 Nc6 56. h4 h6 57. Nd7 Nb4 58. Ne5 Nd5 59. Nf3 Kf6
60. g5+ hxg5 61. Nxg5 Nc3+ 62. Kf3 Nb5 63. Ne4+ Kg6 64. Ke3 Kf5 65. Nf2 Nc3 66.
g4+ Kg6 67. h5+ Kh6 68. Kf4 Ne2+ 69. Ke5 Kg5 70. Nh3+ Kxg4 71. h6 1-0

[Event "Ivy League Chess Challenge"]
[Site "Toronto CAN"]
[Date "2018.11.09"]
[Round "2"]
[White "Bellissimo, Joseph"]
[Black "Gusev, Nikita"]
[Result "1-0"]
[WhiteElo "2121"]
[BlackElo "2263"]
[PlyCount "67"]
[EventDate "2018.11.09"]
[EventType "team"]
[EventRounds "5"]
[EventCountry "CAN"]
[WhiteTeam "Toronto-A"]
[BlackTeam "Toronto-B"]

1. e4 c5 2. Nf3 d6 3. Bb5+ Bd7 4. Bxd7+ Nxd7 5. O-O Ngf6 6. Re1 g6 7. c3 Bg7 8.
d3 O-O 9. a4 b6 10. Na3 Re8 11. h3 a6 12. Nh2 e5 13. f4 d5 14. fxe5 Nxe5 15.
Bg5 dxe4 16. dxe4 Qc7 17. Qe2 Ned7 18. Qf3 Re6 19. Bf4 Qc6 20. e5 Nh5 21. Rad1
Nf8 22. Bc1 Qe8 23. Nc4 Ra7 24. g4 Qxa4 25. Ne3 Bxe5 26. gxh5 Qh4 27. Nhg4 Rae7
28. Nc2 gxh5 29. Nh6+ Kh8 30. Nf5 Rg6+ 31. Kh1 Qf6 32. Rd8 Rg8 33. Bh6 Bc7 34.
Rxf8 1-0

[Event "Ivy League Chess Challenge"]
[Site "Toronto CAN"]
[Date "2018.11.09"]
[Round "2"]
[White "Chandran, Kapil"]
[Black "Yang, Darwin"]
[Result "1/2-1/2"]
[WhiteElo "2393"]
[BlackElo "2488"]
[PlyCount "94"]
[EventDate "2018.11.09"]
[EventType "team"]
[EventRounds "5"]
[EventCountry "CAN"]
[WhiteTeam "Princeton"]
[BlackTeam "Harvard"]

1. d4 Nf6 2. c4 e6 3. Nf3 d5 4. g3 Bb4+ 5. Bd2 Be7 6. Bg2 O-O 7. O-O c6 8. Qc2
Nbd7 9. Bf4 a5 10. Rd1 Nh5 11. Bc1 Nhf6 12. Nbd2 b6 13. e4 Bb7 14. e5 Ne8 15.
b3 Nc7 16. Bb2 Qb8 17. Rac1 Rc8 18. h4 h6 19. Qb1 a4 20. Nf1 axb3 21. axb3 c5
22. Ne3 b5 23. dxc5 Bxc5 24. Bd4 Bxd4 25. Rxd4 Qa7 26. Rd2 Rab8 27. c5 Nxc5 28.
Rdc2 N7a6 29. b4 Ne4 30. Rxc8+ Rxc8 31. Rxc8+ Bxc8 32. Qe1 Nb8 33. Bf1 Bd7 34.
Kg2 Nc6 35. Nc2 Qc7 36. Ncd4 Nxd4 37. Nxd4 Qxe5 38. Nxb5 Qb2 39. Nc7 Nc3 40.
Na6 d4 41. Qe5 Bc6+ 42. Kg1 Qc1 43. Nc7 Kh8 44. b5 f6 45. Qxe6 Be4 46. Qc8+ Kh7
47. Ne6 Bd3 1/2-1/2

[Event "Ivy League Chess Challenge"]
[Site "Toronto CAN"]
[Date "2018.11.09"]
[Round "2"]
[White "Fabbri, Alexander R"]
[Black "Bora, Safal"]
[Result "0-1"]
[WhiteElo "2067"]
[BlackElo "2392"]
[PlyCount "125"]
[EventDate "2018.11.09"]
[EventType "team"]
[EventRounds "5"]
[EventCountry "CAN"]
[WhiteTeam "Yale"]
[BlackTeam "Michigan"]

1. d4 Nf6 2. c4 g6 3. Nc3 d5 4. Bg5 Ne4 5. Bh4 Nxc3 6. bxc3 dxc4 7. e3 Bg7 8.
Bxc4 O-O 9. Nf3 c5 10. O-O Nc6 11. Qa4 Bd7 12. Qa3 Qa5 13. Qb3 Qc7 14. Bg3 Qc8
15. Qa3 cxd4 16. cxd4 Nxd4 17. Nxd4 Qxc4 18. Qxe7 Qa4 19. Rab1 Rfe8 20. Qb4 b6
21. Qd2 Rac8 22. Rb4 Qa5 23. h3 Rc4 24. Bd6 Rec8 25. Nb3 Qf5 26. Rxc4 Rxc4 27.
Rc1 Rxc1+ 28. Qxc1 h6 29. Nd4 Qa5 30. a3 b5 31. Bb4 Qb6 32. Qd2 Qc7 33. Nb3 Be6
34. Nc5 Bc4 35. Ne4 Qc6 36. Nc3 a6 37. e4 Be6 38. Nd5 Kh7 39. Be7 g5 40. f3 Qc4
41. Nf6+ Kg6 42. e5 a5 43. Kf2 Qa2 44. Qxa2 Bxa2 45. g4 Bc4 46. Kg3 h5 47. Kf2
h4 48. Kg2 Be6 49. Kf2 Bc8 50. Ke3 Bb7 51. Kf2 Bc6 52. Ke3 Bh6 53. Kf2 Bg7 54.
Ke3 Bb7 55. Kf2 Ba6 56. Kg2 b4 57. axb4 a4 58. Kf2 a3 59. Bc5 Bf8 60. Bd4 Bxb4
61. Ne4 a2 62. Ba1 Bc4 63. f4 0-1

[Event "Ivy League Chess Challenge"]
[Site "Toronto CAN"]
[Date "2018.11.09"]
[Round "2"]
[White "Heimann, Mark"]
[Black "Vishwanathan, Ram"]
[Result "1-0"]
[WhiteElo "2368"]
[BlackElo "1893"]
[PlyCount "119"]
[EventDate "2018.11.09"]
[EventType "team"]
[EventRounds "5"]
[EventCountry "CAN"]
[WhiteTeam "Michigan"]
[BlackTeam "Yale"]

1. e4 c5 2. Nf3 Nc6 3. d4 cxd4 4. Nxd4 Nf6 5. Nc3 d6 6. Nb3 g6 7. Be2 Bg7 8.
O-O O-O 9. Be3 Be6 10. Qd2 a5 11. Nd4 Nxd4 12. Bxd4 Nd7 13. Bxg7 Kxg7 14. Nd5
Bxd5 15. Qxd5 Qb6 16. Qb5 Qxb5 17. Bxb5 Nc5 18. a4 Rac8 19. Rfe1 Ne6 20. c3 Rc5
21. Rad1 Rfc8 22. g3 h5 23. h4 g5 24. hxg5 Rxg5 25. Rd5 Rc5 26. Rxg5+ Rxg5 27.
Kh2 Kf6 28. Kh3 Rc5 29. Re3 Nc7 30. Be2 Ne8 31. f4 Ng7 32. b4 axb4 33. cxb4 Rc1
34. a5 e5 35. Rd3 exf4 36. Rxd6+ Ne6 37. Rb6 fxg3 38. Kxg3 Rc7 39. Bxh5 Ke5 40.
Rb5+ Kd4 41. e5 Rc3+ 42. Kh4 Nd8 43. Kg5 Rc7 44. Kf6 Kc4 45. Be2+ Kb3 46. Bf3
Kc4 47. Rb6 Rd7 48. Bxb7 Nxb7 49. a6 Nd8 50. Rd6 Ra7 51. Rxd8 Kxb4 52. Rf8 Kc5
53. Rxf7 Rxa6+ 54. e6 Kd6 55. Rd7+ Kc6 56. Rd1 Ra2 57. Kf7 Rf2+ 58. Ke8 Re2 59.
e7 Kc7 60. Rc1+ 1-0

[Event "Ivy League Chess Challenge"]
[Site "Toronto CAN"]
[Date "2018.11.09"]
[Round "2"]
[White "Hu, Bryan"]
[Black "Martinez, Isaac"]
[Result "0-1"]
[WhiteElo "2240"]
[BlackElo "2127"]
[PlyCount "110"]
[EventDate "2018.11.09"]
[EventType "team"]
[EventRounds "5"]
[EventCountry "CAN"]
[WhiteTeam "Harvard"]
[BlackTeam "Princeton"]

1. Nf3 d5 2. d4 Nf6 3. c4 c6 4. Nc3 a6 5. e3 b5 6. b3 Bg4 7. Be2 e6 8. O-O Nbd7
9. a3 Bd6 10. Qc2 O-O 11. h3 Bh5 12. Rd1 Qe7 13. Bb2 Rfc8 14. e4 Bg6 15. Bd3
bxc4 16. bxc4 dxc4 17. Bxc4 c5 18. Qe2 cxd4 19. Nxd4 Nh5 20. Bxa6 Rxc3 21. Bxc3
Nf4 22. Qf1 Bxe4 23. f3 Bd5 24. Bb4 Bxb4 25. axb4 Qxb4 26. Qf2 h6 27. Bf1 Rxa1
28. Rxa1 Ne5 29. Qe3 Nfg6 30. Rc1 Qb6 31. Be2 Qd8 32. g3 Nd7 33. Kf2 Nf6 34. h4
e5 35. Nb5 e4 36. Rd1 Qb8 37. Nc3 exf3 38. Bxf3 Bxf3 39. Qxf3 Ne5 40. Qe2 Neg4+
41. Kg2 Qb7+ 42. Ne4 Qxe4+ 43. Qxe4 Nxe4 44. Kf3 Ngf6 45. g4 Kh7 46. Ra1 g6 47.
Kf4 Nc5 48. Ra7 Kg7 49. Kf3 g5 50. hxg5 hxg5 51. Ra5 Ne6 52. Ra4 Nf8 53. Ra5
Kg6 54. Rb5 N8d7 55. Ra5 Ng8 0-1

[Event "Ivy League Chess Challenge"]
[Site "Toronto CAN"]
[Date "2018.11.09"]
[Round "2"]
[White "Zhou, Qiyu"]
[Black "Fu, James"]
[Result "1-0"]
[WhiteElo "2207"]
[BlackElo "2061"]
[PlyCount "119"]
[EventDate "2018.11.09"]
[EventType "team"]
[EventRounds "5"]
[EventCountry "CAN"]
[WhiteTeam "Toronto-B"]
[BlackTeam "Toronto-A"]

1. e4 Nc6 2. Nf3 e5 3. Bb5 g6 4. c3 Bg7 5. d4 exd4 6. cxd4 a6 7. Ba4 Nge7 8.
O-O b5 9. Bc2 d6 10. h3 O-O 11. Re1 h6 12. Nc3 Kh7 13. Bf4 f5 14. Qd2 Rb8 15.
Rac1 fxe4 16. Bxe4 Nxd4 17. Nxd4 Bxd4 18. Qxd4 Rxf4 19. Ne2 c5 20. Qd3 Rf6 21.
Rxc5 Qb6 22. Rcc1 Be6 23. Qd4 Kg7 24. Qxb6 Rxb6 25. Rc7 Kf8 26. Nd4 Bf7 27. Bb7
Nf5 28. Nc6 Re6 29. Rxf7+ Kxf7 30. Nd8+ Ke8 31. Nxe6 Rxb7 32. Nc7+ Kd7 33. Nxa6
Nd4 34. Rd1 Ne6 35. Nb4 Rc7 36. f3 Rc4 37. a3 Nf4 38. Kf2 Ke6 39. h4 Nh5 40. g3
Nf6 41. Ke3 Nh5 42. Kf2 Nf6 43. Rd3 d5 44. Ke3 Rc1 45. Rd2 g5 46. hxg5 hxg5 47.
Nc2 Kd6 48. Nd4 Re1+ 49. Kf2 Rh1 50. Kg2 Rc1 51. Nxb5+ Kc5 52. Nd4 Kc4 53. g4
Re1 54. Kf2 Re8 55. Nf5 Kb3 56. Nd4+ Ka2 57. a4 Ra8 58. a5 Ne8 59. Ne6 Nf6 60.
Nc5 1-0

[Event "Ivy League Chess Challenge"]
[Site "Toronto CAN"]
[Date "2018.11.10"]
[Round "3"]
[White "Fu, James"]
[Black "Fabbri, Alexander R"]
[Result "0-1"]
[WhiteElo "2061"]
[BlackElo "2067"]
[PlyCount "52"]
[EventDate "2018.11.09"]
[EventType "team"]
[EventRounds "5"]
[EventCountry "CAN"]
[WhiteTeam "Toronto-A"]
[BlackTeam "Yale"]

1. e4 e5 2. Nf3 Nc6 3. Bb5 a6 4. Ba4 Nf6 5. d3 d6 6. c3 Be7 7. h3 b5 8. Bc2 d5
9. exd5 Qxd5 10. O-O O-O 11. Qe2 Bb7 12. Nbd2 Rae8 13. Re1 Qd7 14. a4 Nd5 15.
axb5 Nf4 16. Qe3 axb5 17. Ne4 f5 18. Ned2 Bd6 19. Nf1 Nd4 20. Bd1 Nxh3+ 21. Kh1
f4 22. Qd2 Nxf3 23. Bxf3 Bxf3 24. gxf3 Ng5 25. Qe2 Re6 26. Nh2 Rh6 0-1

[Event "Ivy League Chess Challenge"]
[Site "Toronto CAN"]
[Date "2018.11.10"]
[Round "3"]
[White "Gusev, Nikita"]
[Black "Chandran, Kapil"]
[Result "0-1"]
[WhiteElo "2253"]
[BlackElo "2393"]
[PlyCount "87"]
[EventDate "2018.11.09"]
[EventType "team"]
[EventRounds "5"]
[EventCountry "CAN"]
[WhiteTeam "Toronto-B"]
[BlackTeam "Princeton"]

1. Nf3 c5 2. c4 Nf6 3. Nc3 e6 4. g3 a6 5. Bg2 Qc7 6. O-O Be7 7. e4 d6 8. d4
cxd4 9. Nxd4 Qxc4 10. Be3 Qc7 11. Rc1 Qd8 12. Qe2 O-O 13. Rfd1 Qe8 14. f4 Nc6
15. Nb3 Bd7 16. Bb6 Qb8 17. Kh1 Rc8 18. Nd2 Na7 19. Nc4 Nb5 20. Na4 Na3 21.
Nxa3 Bxa4 22. Rxc8+ Qxc8 23. b3 Bc6 24. Nc2 d5 25. exd5 Bxd5 26. Ne3 Be4 27.
Qc4 Qxc4 28. bxc4 Bxg2+ 29. Kxg2 Rc8 30. Rb1 Nd7 31. Bd4 Rc7 32. Kf3 Kf8 33.
Rb3 Bc5 34. Bb2 b6 35. Rd3 g6 36. Rd1 Ke7 37. Ng4 h5 38. Ne5 Nxe5+ 39. Bxe5 Rd7
40. Rb1 f6 41. Bb2 Rd2 42. h3 g5 43. h4 gxf4 44. gxf4 0-1

[Event "Ivy League Chess Challenge"]
[Site "Toronto CAN"]
[Date "2018.11.10"]
[Round "3"]
[White "Krishnan, Varun"]
[Black "Heimann, Mark"]
[Result "1-0"]
[WhiteElo "2253"]
[BlackElo "2368"]
[PlyCount "101"]
[EventDate "2018.11.09"]
[EventType "team"]
[EventRounds "5"]
[EventCountry "CAN"]
[WhiteTeam "Harvard"]
[BlackTeam "Michigan"]

1. e4 a6 2. d4 b5 3. Bd3 Bb7 4. Nf3 Nf6 5. e5 Nd5 6. c3 e6 7. Ng5 d6 8. f4 Be7
9. h4 c5 10. f5 exf5 11. O-O cxd4 12. e6 Bxg5 13. exf7+ Kf8 14. Bxg5 Qb6 15.
Kh2 h6 16. Qh5 Nd7 17. Bxf5 N7f6 18. Bxf6 Nxf6 19. Qd1 dxc3 20. Nxc3 d5 21. Ne2
g6 22. Bh3 Kxf7 23. h5 Rhe8 24. hxg6+ Kg7 25. Nd4 Re4 26. Nf5+ Kxg6 27. Rf3 Kh7
28. Qd2 Ng4+ 29. Bxg4 Rxg4 30. Rh3 Rg6 31. Re1 Rag8 32. Re7+ Kh8 33. g4 Rf8 34.
Qf4 Bc8 35. Qe5+ Qf6 36. Qxf6+ Rgxf6 37. Nxh6 Rf2+ 38. Kg3 R8f3+ 39. Kh4 Rxh3+
40. Kxh3 Rxb2 41. Kh4 Rxa2 42. Kg5 Bxg4 43. Nxg4 Kg8 44. Nh6+ Kf8 45. Nf5 Rc2
46. Re6 a5 47. Kf6 b4 48. Rd6 Rc8 49. Rd7 b3 50. Rf7+ Ke8 51. Ng7+ 1-0